000 00871nam a2200289Ia 4500
003 OSt
005 20221006144108.0
006 a|||||r|||| 00| 0
007 ta
008 221006b |||||||| |||| 00| 0 eng d
020 _a0231052286
_c
_37.05
024 _a10,857
037 _cTextual
040 _aEASL
_cEASL
_beng
041 _2eng
_aeng
082 _aQ:8412(R4).41.N70, M1
100 _aDE BARY William Theodore
_9349838
245 0 _aNeo-Confucian orthodoxy and the learning of the mind-and-heart
260 _aNew York
_bColumbia University Press
_c1981
300 _a267p.
_ccm.
490 _v Gen
_aNeo-Confucian Studies
650 _a Gen
650 _a Philosophy-Chinese
_9425553
650 _aChina-Religion
_9591037
942 _hQ:8412(R4).41.N70, M1
_cTEXL
_2CC
999 _c1078943
_d1078943